Spotless - Zach Bryan - Statistics

General Stats
  • This quiz has been taken 39 times
  • The average score is 256 of 316
Answer Stats
Answer % Correct
a
100%
be
100%
I
100%
in
100%
My
100%
my
100%
you
100%
You
100%
is
96%
it
96%
me
96%
on
96%
see
96%
spotless,
96%
the
96%
to
96%
ain't
92%
ever
92%
everything
92%
Everything
92%
for
92%
For
92%
if
92%
If
92%
I'm
92%
life,
92%
meant
92%
neither
92%
once
92%
stay
92%
through
92%
bound
88%
gonna
88%
when
88%
and
84%
love,
84%
okay
84%
this
84%
this,
84%
will
84%
always
80%
don't
80%
people
80%
People
80%
told
80%
want
80%
We
80%
we
80%
act
76%
believer
76%
But
76%
like
76%
lose
76%
man
76%
mother
76%
pleasin'
76%
Tell
76%
truth
76%
Turn
76%
TV,
76%
were
76%
all
72%
as
72%
As
72%
City,
72%
Fucking
72%
humans
72%
I'll
72%
leave
72%
New
72%
place
72%
pretty
72%
saint
72%
telephones
72%
that's
72%
they
72%
York
72%
are
68%
'cause
68%
day
68%
Met
68%
perfect
68%
Then
68%
wait
68%
was
68%
who
68%
never
64%
old
64%
wanna
64%
apartment
60%
bills
60%
calling
60%
can
60%
car
60%
chase
60%
cut
60%
die
60%
gave
60%
get
60%
have
60%
heavens
60%
late
60%
lights
60%
off
60%
paid
60%
ruined
60%
smokin'
60%
thousand
60%
times
60%
train
60%
Your
60%
August?
56%
bluff
56%
chokin',
56%
clothed
56%
days
56%
fully
56%
heart
56%
jumping
56%
knows
56%
landslide
56%
lover,
56%
pool
56%
praying
56%
Remember
56%
self-destructive
56%
shitty
56%
alone
52%
hill
52%
than
52%
can't
48%
deeper
48%
eyes
48%
from
48%
power
48%
seasons
48%
stealing
48%
their
48%
betting
44%
either
44%
loser,
44%
neighbors
44%
stop
44%
we'll
44%
right
40%
soakin',
40%
there
40%
vacation
40%
with
40%
enough
32%
Holding
24%
one-another
20%
No matching quizzes found
Score Distribution
Percent of People with Each Score
Percentile by Number Answered
Your Score History
You have not taken this quiz